00665nam a2200229 i 4500001001100000003000500011005001700016008004100033020001800074040002500092082001600117100003000133245003300163264006600196300004100262336002100303337002500324338002300349490001600372650003100388830001600419C2-0337215PPAK20180728140027.0160808s2016 my a|||| ||||| | may d a9789670936079 aPPAKbengcPPAKerda04a899.2332230 aJannah Masturul, eauthor10aBuaian dosa di pulau bungrai 1aSubang Jaya, Selangor : bPenerbitan Panduan Pedoman , c2016 a99 pages : billustrations ; c21 cm 2rdacontentatext 2rdamediaaunmediated 2rdacarrieravolume1 aSiri cereka10aChildren's stories, Malay. 0aSiri cereka